00409nam a2200133Ia 4500003000400000008004100004040001600045082002200061100002800083245007300111490004600184650001900230650002600249GCL140319s9999 xx 000 0 ara d aGCL / cGCL04aطb813.02bم ن1 aمصطفى عابدين10aالنساج والخاتم السحرى / cمصطفى عابدين aسلسلة الكنوز الخضراءv004aالاطفال04aقصص الاطفال